zpět

Detail výsledku týmu

Pěkná brynda ST, Beroun

Datum a čas kvízu

20 Celkem bodů Celkový počet nahraných bodů na tomto kvízu bez doplňovacích otázek.
3. Pořadí na kvízu Konečné umístění týmu na tomto kvízu.

Zaznamenané odpovědi

# Otázka Odpověď Body Výsledky
1. Část ulice u ruského velvyslan... Ukrajinských hrdinů 1
2. Minulý týden proběhla médii zp... v Benátkách 0
3. Který český „mistr basů“ oslav... Karel Vágner 0
4. Jeden český státní podnik, kte... České dráhy 0
5. Jedna z nejlepších tenistek so... Ashleigh Bartyová 0
6. Budeme se zabývat pěti filmy,... Elijah Wood, Pán prstenů: Dvě věže 0
7. Film Mr. & Mrs. Smith, něk... B) John a Jane 1
8. Paní Wilberforceová je výstřed... Lupiči paní domácí 0
9. Satirická komedie Zdeňka Podsk... C) Irena Kačírková 0
10. V roce 2009 vznikl animovaný f... Lišák 0